Statistics for 1970-71 NCAA Men's Basketball AP Poll

Click here to take the quiz!

General Stats

  • This quiz has been taken 16 times
  • The average score is 172 of 320

Answer Stats

WeekRankTeamWLConference% Correct
Preseason1UCLA00Pacific-8
100%
Week 8 (1/25)2UCLA141Pacific-8
100%
Final Poll1UCLA251Pacific-8
100%
Week 4 (12/28)1UCLA60Pacific-8
100%
Week 2 (12/14)1UCLA40Pacific-8
100%
Week 7 (1/18)1UCLA130Pacific-8
100%
Week 11 (2/15)1UCLA181Pacific-8
100%
Week 1 (12/7)1UCLA20Pacific-8
100%
Week 12 (2/22)1UCLA201Pacific-8
100%
Week 6 (1/11)1UCLA110Pacific-8
100%
Week 9 (2/1)3UCLA151Pacific-8
100%
Week 3 (12/21)1UCLA40Pacific-8
100%
Week 14 (3/8)1UCLA241Pacific-8
100%
Week 13 (3/1)1UCLA211Pacific-8
100%
Week 10 (2/8)1UCLA161Pacific-8
100%
Week 5 (1/4)1UCLA90Pacific-8
100%
Week 14 (3/8)19Duke187ACC
91%
Preseason13Duke00ACC
91%
Week 4 (12/28)12Kansas71Big Eight
91%
Week 13 (3/1)4Kansas221Big Eight
91%
Week 10 (2/8)5Kansas161Big Eight
91%
Week 3 (12/21)8Kansas60Big Eight
91%
Week 12 (2/22)5Kansas201Big Eight
91%
Week 6 (1/11)8Kansas91Big Eight
91%
Week 2 (12/14)12Kansas40Big Eight
91%
Week 5 (1/4)8Kansas91Big Eight
91%
Week 14 (3/8)5Kansas231Big Eight
91%
Week 1 (12/7)12Kansas20Big Eight
91%
Week 7 (1/18)5Kansas111Big Eight
91%
Week 8 (1/25)5Kansas131Big Eight
91%
Final Poll4Kansas251Big Eight
91%
Week 9 (2/1)5Kansas141Big Eight
91%
Preseason14Kansas00Big Eight
91%
Week 11 (2/15)5Kansas181Big Eight
91%
Week 10 (2/8)8Kentucky153SEC
91%
Week 13 (3/1)8Kentucky204SEC
91%
Week 3 (12/21)7Kentucky51SEC
91%
Preseason3Kentucky00SEC
91%
Week 9 (2/1)8Kentucky133SEC
91%
Week 5 (1/4)11Kentucky72SEC
91%
Week 4 (12/28)8Kentucky61SEC
91%
Week 12 (2/22)10Kentucky184SEC
91%
Week 14 (3/8)8Kentucky224SEC
91%
Week 6 (1/11)10Kentucky92SEC
91%
Final Poll8Kentucky224SEC
91%
Week 1 (12/7)5Kentucky20SEC
91%
Week 2 (12/14)3Kentucky40SEC
91%
Week 8 (1/25)11Kentucky113SEC
91%
Week 11 (2/15)12Kentucky164SEC
91%
Week 7 (1/18)12Kentucky103SEC
91%
Week 11 (2/15)16Michigan134Big Ten
91%
Week 9 (2/1)20Michigan104Big Ten
91%
Week 10 (2/8)16Michigan124Big Ten
91%
Week 12 (2/22)12Michigan144Big Ten
91%
Preseason19NC State00ACC
82%
Week 9 (2/1)16North Carolina123ACC
82%
Final Poll13North Carolina226ACC
82%
Week 11 (2/15)8North Carolina163ACC
82%
Week 10 (2/8)11North Carolina133ACC
82%
Week 8 (1/25)20North Carolina113ACC
82%
Week 2 (12/14)20North Carolina30ACC
82%
Week 12 (2/22)13North Carolina174ACC
82%
Week 6 (1/11)15North Carolina102ACC
82%
Week 5 (1/4)19North Carolina82ACC
82%
Week 13 (3/1)12North Carolina194ACC
82%
Week 7 (1/18)20North Carolina113ACC
82%
Week 14 (3/8)13North Carolina205ACC
82%
Week 3 (12/21)17North Carolina51ACC
82%
Week 4 (12/28)4USC70Pacific-8
82%
Week 8 (1/25)3USC140Pacific-8
82%
Week 10 (2/8)3USC161Pacific-8
82%
Week 5 (1/4)4USC100Pacific-8
82%
Week 9 (2/1)2USC160Pacific-8
82%
Week 12 (2/22)3USC201Pacific-8
82%
Week 11 (2/15)3USC181Pacific-8
82%
Week 7 (1/18)3USC140Pacific-8
82%
Week 6 (1/11)3USC120Pacific-8
82%
Week 13 (3/1)3USC211Pacific-8
82%
Week 2 (12/14)8USC40Pacific-8
82%
Preseason7USC00Pacific-8
82%
Week 14 (3/8)3USC241Pacific-8
82%
Week 3 (12/21)6USC60Pacific-8
82%
Week 1 (12/7)9USC20Pacific-8
82%
Final Poll5USC242Pacific-8
82%
Week 4 (12/28)18LSU50SEC
73%
Week 4 (12/28)15Notre Dame32Independent
73%
Week 2 (12/14)7Notre Dame31Independent
73%
Week 12 (2/22)19Notre Dame157Independent
73%
Week 5 (1/4)9Notre Dame62Independent
73%
Week 14 (3/8)14Notre Dame197Independent
73%
Week 7 (1/18)9Notre Dame83Independent
73%
Week 11 (2/15)14Notre Dame136Independent
73%
Week 6 (1/11)9Notre Dame72Independent
73%
Week 8 (1/25)7Notre Dame94Independent
73%
Week 1 (12/7)6Notre Dame11Independent
73%
Preseason5Notre Dame00Independent
73%
Week 10 (2/8)9Notre Dame115Independent
73%
Final Poll12Notre Dame207Independent
73%
Week 9 (2/1)12Notre Dame105Independent
73%
Week 13 (3/1)16Notre Dame177Independent
73%
Week 3 (12/21)14Notre Dame32Independent
73%
Week 14 (3/8)12Ohio State185Big Ten
73%
Week 12 (2/22)18Ohio State145Big Ten
73%
Week 13 (3/1)13Ohio State165Big Ten
73%
Week 11 (2/15)20Ohio State125Big Ten
73%
Final Poll10Ohio State195Big Ten
73%
Week 9 (2/1)4Penn160Ivy League
73%
Week 2 (12/14)6Penn40Ivy League
73%
Preseason11Penn00Ivy League
73%
Final Poll3Penn270Ivy League
73%
Week 12 (2/22)4Penn220Ivy League
73%
Week 11 (2/15)4Penn200Ivy League
73%
Week 6 (1/11)4Penn110Ivy League
73%
Week 8 (1/25)4Penn150Ivy League
73%
Week 1 (12/7)8Penn20Ivy League
73%
Week 7 (1/18)4Penn130Ivy League
73%
Week 10 (2/8)4Penn180Ivy League
73%
Week 14 (3/8)4Penn260Ivy League
73%
Week 3 (12/21)5Penn50Ivy League
73%
Week 5 (1/4)5Penn80Ivy League
73%
Week 4 (12/28)6Penn60Ivy League
73%
Week 13 (3/1)5Penn240Ivy League
73%
Week 7 (1/18)19Virginia112ACC
73%
Week 8 (1/25)15Virginia112ACC
73%
Week 2 (12/14)17Florida State51Independent
64%
Week 8 (1/25)18Illinois82Big Ten
64%
Week 9 (2/1)15Illinois93Big Ten
64%
Week 7 (1/18)18Indiana93Big Ten
64%
Week 1 (12/7)11Indiana20Big Ten
64%
Week 3 (12/21)11Indiana51Big Ten
64%
Week 4 (12/28)14Indiana62Big Ten
64%
Week 5 (1/4)12Indiana82Big Ten
64%
Week 13 (3/1)18Indiana164Big Ten
64%
Week 6 (1/11)11Indiana92Big Ten
64%
Preseason16Indiana00Big Ten
64%
Week 2 (12/14)13Indiana31Big Ten
64%
Week 7 (1/18)16Oregon92Pacific-8
64%
Week 8 (1/25)13Oregon102Pacific-8
64%
Week 2 (12/14)16Oregon41Pacific-8
64%
Week 1 (12/7)18Oregon30Pacific-8
64%
Week 4 (12/28)16Oregon61Pacific-8
64%
Week 3 (12/21)17Oregon51Pacific-8
64%
Week 4 (12/28)20Purdue53Big Ten
64%
Week 5 (1/4)19Purdue65Big Ten
64%
Week 3 (12/21)16Purdue52Big Ten
64%
Week 1 (12/7)2South Carolina20ACC
64%
Week 10 (2/8)10South Carolina134ACC
64%
Week 4 (12/28)2South Carolina60ACC
64%
Final Poll6South Carolina234ACC
64%
Week 9 (2/1)7South Carolina113ACC
64%
Week 11 (2/15)7South Carolina144ACC
64%
Week 8 (1/25)10South Carolina103ACC
64%
Week 13 (3/1)6South Carolina194ACC
64%
Preseason2South Carolina00ACC
64%
Week 12 (2/22)7South Carolina164ACC
64%
Week 3 (12/21)2South Carolina50ACC
64%
Week 7 (1/18)11South Carolina103ACC
64%
Week 5 (1/4)2South Carolina90ACC
64%
Week 6 (1/11)6South Carolina102ACC
64%
Week 2 (12/14)2South Carolina30ACC
64%
Week 14 (3/8)6South Carolina204ACC
64%
Week 9 (2/1)18Houston153Independent
55%
Preseason17Houston00Independent
55%
Final Poll14Houston216Independent
55%
Week 13 (3/1)15Houston205Independent
55%
Week 10 (2/8)15Houston173Independent
55%
Week 14 (3/8)18Houston206Independent
55%
Week 4 (12/28)9Jacksonville51Independent
45%
Week 9 (2/1)6Jacksonville142Independent
45%
Week 14 (3/8)9Jacksonville223Independent
45%
Week 6 (1/11)7Jacksonville82Independent
45%
Week 12 (2/22)6Jacksonville212Independent
45%
Week 1 (12/7)3Jacksonville20Independent
45%
Final Poll11Jacksonville224Independent
45%
Week 13 (3/1)9Jacksonville213Independent
45%
Week 8 (1/25)6Jacksonville122Independent
45%
Preseason4Jacksonville00Independent
45%
Week 11 (2/15)6Jacksonville182Independent
45%
Week 5 (1/4)7Jacksonville72Independent
45%
Week 2 (12/14)5Jacksonville50Independent
45%
Week 10 (2/8)6Jacksonville162Independent
45%
Week 3 (12/21)4Jacksonville50Independent
45%
Week 7 (1/18)6Jacksonville102Independent
45%
Week 12 (2/22)15Louisville174Missouri Valley
45%
Week 11 (2/15)19Louisville164Missouri Valley
45%
Week 6 (1/11)16Louisville102Missouri Valley
45%
Week 4 (12/28)17Louisville51Missouri Valley
45%
Week 1 (12/7)20Louisville20Missouri Valley
45%
Week 5 (1/4)13Louisville81Missouri Valley
45%
Final Poll17Tennessee206SEC
45%
Week 5 (1/4)17Tennessee72SEC
45%
Week 2 (12/14)14Tennessee30SEC
45%
Week 14 (3/8)15Tennessee206SEC
45%
Week 9 (2/1)11Tennessee133SEC
45%
Week 10 (2/8)14Tennessee144SEC
45%
Week 4 (12/28)10Tennessee60SEC
45%
Week 12 (2/22)17Tennessee175SEC
45%
Week 11 (2/15)13Tennessee164SEC
45%
Week 3 (12/21)12Tennessee50SEC
45%
Week 6 (1/11)18Tennessee92SEC
45%
Week 8 (1/25)8Tennessee122SEC
45%
Week 7 (1/18)8Tennessee112SEC
45%
Week 1 (12/7)17Tennessee20SEC
45%
Week 13 (3/1)14Tennessee195SEC
45%
Final Poll20BYU199WAC
36%
Week 11 (2/15)11La Salle172Middle Atlantic
36%
Week 10 (2/8)13La Salle152Middle Atlantic
36%
Week 12 (2/22)14La Salle183Middle Atlantic
36%
Week 7 (1/18)15La Salle101Middle Atlantic
36%
Week 8 (1/25)14La Salle121Middle Atlantic
36%
Week 9 (2/1)10La Salle141Middle Atlantic
36%
Week 13 (3/1)19La Salle194Middle Atlantic
36%
Week 6 (1/11)20Oregon State92Pacific-8
36%
Week 3 (12/21)19St. John's60Independent
36%
Week 6 (1/11)17Utah State102Independent
36%
Week 13 (3/1)20Utah State206Independent
36%
Week 2 (12/14)15Utah State51Independent
36%
Week 11 (2/15)15Utah State194Independent
36%
Week 7 (1/18)13Utah State122Independent
36%
Week 4 (12/28)19Utah State52Independent
36%
Week 12 (2/22)16Utah State195Independent
36%
Week 1 (12/7)16Utah State21Independent
36%
Week 8 (1/25)9Utah State152Independent
36%
Week 14 (3/8)16Utah State206Independent
36%
Week 5 (1/4)15Utah State92Independent
36%
Week 10 (2/8)19Utah State174Independent
36%
Preseason12Utah State00Independent
36%
Week 9 (2/1)13Utah State153Independent
36%
Week 6 (1/11)19Memphis State112Missouri Valley
27%
Week 14 (3/8)20Miami of Ohio204MAC
27%
Week 1 (12/7)15New Mexico State20Missouri Valley
27%
Week 3 (12/21)20New Mexico State61Missouri Valley
27%
Week 2 (12/14)17New Mexico State60Missouri Valley
27%
Preseason15New Mexico State00Missouri Valley
27%
Final Poll19Villanova246Independent
27%
Week 5 (1/4)14Villanova82Independent
27%
Week 9 (2/1)17Villanova154Independent
27%
Week 4 (12/28)11Villanova81Independent
27%
Week 6 (1/11)13Villanova113Independent
27%
Week 3 (12/21)13Villanova61Independent
27%
Week 8 (1/25)16Villanova144Independent
27%
Preseason8Villanova00Independent
27%
Week 10 (2/8)18Villanova164Independent
27%
Week 7 (1/18)14Villanova133Independent
27%
Week 1 (12/7)10Villanova20Independent
27%
Week 2 (12/14)10Villanova40Independent
27%
Week 14 (3/8)2Marquette260Independent
18%
Week 3 (12/21)3Marquette50Independent
18%
Week 1 (12/7)4Marquette20Independent
18%
Preseason6Marquette00Independent
18%
Week 4 (12/28)3Marquette60Independent
18%
Final Poll2Marquette270Independent
18%
Week 13 (3/1)2Marquette230Independent
18%
Week 2 (12/14)4Marquette40Independent
18%
Week 10 (2/8)2Marquette180Independent
18%
Week 5 (1/4)3Marquette90Independent
18%
Week 8 (1/25)1Marquette140Independent
18%
Week 9 (2/1)1Marquette160Independent
18%
Week 11 (2/15)2Marquette200Independent
18%
Week 6 (1/11)2Marquette110Independent
18%
Week 7 (1/18)2Marquette130Independent
18%
Week 12 (2/22)2Marquette210Independent
18%
Week 7 (1/18)10St. Bonaventure91Independent
18%
Week 2 (12/14)19St. Bonaventure30Independent
18%
Preseason20St. Bonaventure00Independent
18%
Week 3 (12/21)15St. Bonaventure50Independent
18%
Week 6 (1/11)12St. Bonaventure91Independent
18%
Week 1 (12/7)19St. Bonaventure20Independent
18%
Week 5 (1/4)10St. Bonaventure80Independent
18%
Week 4 (12/28)13St. Bonaventure60Independent
18%
Week 10 (2/8)7Western Kentucky153Ohio Valley
18%
Week 8 (1/25)12Western Kentucky123Ohio Valley
18%
Week 2 (12/14)11Western Kentucky40Ohio Valley
18%
Week 14 (3/8)7Western Kentucky205Ohio Valley
18%
Week 5 (1/4)6Western Kentucky91Ohio Valley
18%
Week 7 (1/18)7Western Kentucky122Ohio Valley
18%
Week 1 (12/7)13Western Kentucky20Ohio Valley
18%
Preseason9Western Kentucky00Ohio Valley
18%
Week 4 (12/28)5Western Kentucky70Independent
18%
Week 3 (12/21)10Western Kentucky50Ohio Valley
18%
Week 6 (1/11)5Western Kentucky111Ohio Valley
18%
Week 11 (2/15)9Western Kentucky164Ohio Valley
18%
Final Poll7Western Kentucky215Ohio Valley
18%
Week 12 (2/22)9Western Kentucky184Ohio Valley
18%
Week 13 (3/1)7Western Kentucky204Ohio Valley
18%
Week 9 (2/1)9Western Kentucky143Ohio Valley
18%
Week 1 (12/7)14Army20Independent
9%
Week 1 (12/7)7Drake20Missouri Valley
9%
Final Poll18Drake207Missouri Valley
9%
Preseason10Drake00Missouri Valley
9%
Week 5 (1/4)16Drake82Missouri Valley
9%
Week 2 (12/14)9Drake40Missouri Valley
9%
Week 3 (12/21)9Drake60Missouri Valley
9%
Week 4 (12/28)7Drake80Missouri Valley
9%
Week 9 (2/1)14Duquesne122Independent
9%
Final Poll15Duquesne214Independent
9%
Week 10 (2/8)12Duquesne152Independent
9%
Week 13 (3/1)11Duquesne193Independent
9%
Week 12 (2/22)8Duquesne192Independent
9%
Week 14 (3/8)11Duquesne213Independent
9%
Week 11 (2/15)10Duquesne172Independent
9%
Week 8 (1/25)17Duquesne102Independent
9%
Week 6 (1/11)14Fordham120Independent
9%
Week 14 (3/8)10Fordham232Independent
9%
Week 7 (1/18)17Fordham121Independent
9%
Week 5 (1/4)18Fordham110Independent
9%
Week 12 (2/22)11Fordham201Independent
9%
Week 10 (2/8)20Fordham161Independent
9%
Week 13 (3/1)10Fordham212Independent
9%
Final Poll9Fordham252Independent
9%
Week 11 (2/15)18Fordham181Independent
9%
Preseason18Long Beach State00Pacific Coast
9%
Week 14 (3/8)17Long Beach State224Pacific Coast
9%
Final Poll16Long Beach State234Pacific Coast
9%
Week 13 (3/1)17Long Beach State214Pacific Coast
9%
Week 12 (2/22)20Long Beach State204Pacific Coast
9%
Week 11 (2/15)17Murray State172Ohio Valley
9%
Week 10 (2/8)17Murray State152Ohio Valley
9%
Week 9 (2/1)19Murray State142Ohio Valley
9%
Week 8 (1/25)19Murray State132Ohio Valley
9%

Score Distribution

Percentile by Number Answered

Percent of People with Each Score

Your Score History

You have not taken this quiz